000 00503nam a2200205Ia 4500
003 OSt
005 20250816092006.0
008 210210b2011 xxu||||| |||| 00| 0 eng d
020 _a9788120340770
040 _cAL
041 _aeng
082 _a543 DASA
100 _aDash Dhruba Charan
_9235797
245 _aAnalytical chemistry
260 _aNew Delhi
_bPHI Learning Pvt. Ltd.
_c2011
300 _axvii, 581p
690 _aAnalytical Chemistry
_9235800
906 _a067853
942 _2ddc
_cBK
999 _c152163
_d152163